000 00319 a2200157 4500
001 58270
020 _a850804075x
040 _cAnchieta - Pituba
100 _aAzevedo, Aluísio
240 1 0 _aO mulato
_lpor
245 1 0 _aO mulato
300 _a247
362 0 _a1998
650 4 _aFicção brasileira
942 _cBK
999 _c58270
_d58270